VČELÁRSKY VÝSKUM PODPORUJE ROZVOJ VČELÁRSTVA NA SLOVENSKU

Bibliographic Details
Main Authors: Kopernický, J. (Author), Jendreják, R. (Author)
Format: Article
Language:Slovak
ISBN:807137623X

MARC

LEADER 00000naa a2200000uu 4500
001 vtls010958467
003 SK-MaSNL
005 20260302131915.0
008 210905|1999 xo |||||||||||||||||slo|
015 |a SNBRA 
035 |a (urnnbn)urn:nbn:sk:snk:ar-a0bpro 
035 |a (uuid)c4655288-21ec-4729-be06-d5a33c7d91ff 
035 |a urn:nbn:sk:snk-aauhhj 
040 |a SNKBUCL  |b slo  |c SNKBUCL  |e AACR2 
041 0 |a slo 
044 |a xo  |c SK 
100 1 |a Kopernický, J.  |4 aut  |9 787885 
245 1 0 |a VČELÁRSKY VÝSKUM PODPORUJE ROZVOJ VČELÁRSTVA NA SLOVENSKU  |c J. Kopernický, R. Jendreják 
700 1 |a Jendreják, R.  |4 aut  |9 787907 
773 0 |t Možnosti a perspektívy zvyšovania produkcie v chove hydiny a malých hospodárskych zvierat  |d V Nitre : Slovenská poľnohospodárska univerzita, 1999  |g S. 220-223  |z 807137623X 
958 |a OND 
958 |a article11 
958 |a chapter 
999 |c 1310941  |d 1312871